Normal view
MARC view
- الاردن-تاريخ معاصر -عهد الملك الحسين بن طلال
Entry Topical Term
001 - CONTROL NUMBER
- control field: 19383
003 - CONTROL NUMBER IDENTIFIER
- control field: JO-AjAnu
005 - DATE AND TIME OF LATEST TRANSACTION
- control field: 20230606073404.0
008 - FIXED-LENGTH DATA ELEMENTS
- fixed length control field: 230606|| aca||aabn | a|a d
040 ## - CATALOGING SOURCE
- Original cataloging agency: JO-AjAnu
- Transcribing agency: JO-AjAnu
150 ## - HEADING--TOPICAL TERM
- Topical term or geographic name entry element: الاردن-تاريخ معاصر -عهد الملك الحسين بن طلال
670 ## - SOURCE DATA FOUND
- Source citation: Work cat.: (JO-AjAnu)9955: محمد، حسن, author 19382, الحسين ملك يصنع التاريخ، الجزء الثاني